[Event "PRO League Group Stage"]
[Site "chess.com INT"]
[Date "2017.02.11"]
[Round "5"]
[White "Pichot, Alan"]
[Black "Thorfinnsson, Bjorn"]
[Result "1/2-1/2"]
[WhiteTitle "GM"]
[BlackTitle "IM"]
[WhiteElo "2548"]
[BlackElo "2404"]
[WhiteTeam "Buenos Aires Krakens"]
[BlackTeam "Reykjavik Puffins"]
[WhiteFideId "110973"]
[BlackFideId "2300982"]
[EventDate "2017.01.11"]

1. e4 e5 2. Nf3 Nc6 3. Bb5 Nge7 4. Nc3 d6 5. d4 Bd7 6. O-O Ng6 7. Be3 Be7 8. d5
Nb8 9. Bxd7+ Nxd7 10. g3 O-O 11. h4 f5 12. exf5 Rxf5 13. Ne4 h6 14. Nfd2 Qf8 15.
Qg4 Kh7 16. Qh3 Rd8 17. h5 Nf4 18. gxf4 exf4 19. Bd4 Qf7 20. c4 Rxh5 21. Qe6
Qxe6 22. dxe6 Nf8 23. Rfe1 Nxe6 24. Bc3 Rd7 25. Nf3 Nf8 26. Rad1 Bd8 27. b4 Rf7
28. c5 d5 29. Ned2 Ng6 30. Re8 Rd7 31. Nc4 Bf6 32. Nce5 Bxe5 33. Bxe5 c6 34. Bd4
Rf5 35. Rde1 Rff7 36. R1e6 Rde7 37. Ne5 Nxe5 38. R6xe7 Rxe7 39. Rxe7 Nf3+ 40.
Kg2 Nxd4 41. Rxb7 Kg6 42. Rxa7 Kf6 43. a4 g5 44. b5 cxb5 45. c6 Ke6 46. c7 Kd7
47. a5 Nc6 48. Rb7 Nxa5 49. Rxb5 Nc6 50. Rxd5+ Kxc7 51. Rf5 Kd7 52. Rf6 Ne5 53.
Rxh6 Ke7 54. Ra6 Kf7 55. Kf1 Ke7 56. Ke2 Kf7 57. Kd2 Ke7 58. Kc3 Ng4 59. Ra2 Kf6
60. Kd4 Kf5 61. f3 Ne3 62. Ra5+ Kf6 63. Ke4 Kg6 64. Ra8 Nc4 65. Rg8+ Kf6 66. Rd8
Ke6 67. Rg8 Nd2+ 68. Kd3 Nxf3 69. Ke4 Kf7 70. Rxg5 Nxg5+ 71. Kxf4 1/2-1/2

[Event "PRO League Group Stage"]
[Site "chess.com INT"]
[Date "2017.02.11"]
[Round "5"]
[White "Svane, Rasmus"]
[Black "Bryant, John Daniel"]
[Result "1/2-1/2"]
[WhiteTitle "GM"]
[BlackTitle "IM"]
[WhiteElo "2560"]
[BlackElo "2450"]
[WhiteTeam "Hamburg Swashbucklers"]
[BlackTeam "San Diego Surfers"]
[WhiteFideId "4657101"]
[BlackFideId "2031280"]
[EventDate "2017.01.11"]

1. d4 Nf6 2. c4 e6 3. Nc3 d5 4. cxd5 exd5 5. Bg5 c6 6. e3 Nbd7 7. Bd3 Bd6 8.
Nge2 O-O 9. Qc2 h6 10. Bf4 Bxf4 11. Nxf4 c5 12. O-O cxd4 13. exd4 Nb8 14. Rad1
Nc6 15. Bb5 Qb6 16. Qa4 Ne7 17. Rfe1 Qd6 18. Qa3 Qxf4 19. Qxe7 Be6 20. Ne2 Qb8
21. Rc1 a6 22. Bd3 Re8 23. Qc7 Rc8 24. Qe5 Qxe5 25. dxe5 Nd7 26. f4 d4 27. Nxd4
Bxa2 28. Nf5 Kf8 29. Be4 Be6 30. Nd6 Rxc1 31. Rxc1 g6 32. Bxb7 Rb8 33. b4 Nb6
34. Rc5 Nc4 35. Rc7 Nxd6 36. exd6 Rd8 37. Rc6 Rb8 38. Rc7 Rd8 39. Bxa6 Rxd6 40.
Bc4 Bxc4 41. Rxc4 Rd2 42. Rc7 Rb2 43. Rb7 h5 44. g3 Kg7 45. Rb6 f6 46. Rb7+ Kh6
47. Rb6 h4 48. g4 h3 49. Rxf6 Rxb4 50. Kf2 Kg7 51. g5 Rb3 52. Rd6 Kf7 53. Rf6+
Kg7 54. Re6 Kf7 55. Re3 Rb4 56. Kg3 Ra4 57. Rf3 Ke6 58. Kxh3 Kf5 59. Kg3 Ra1 60.
Kg2 Ra2+ 61. Kg3 Ra1 62. Re3 Rg1+ 63. Kf2 Rg4 64. Rf3 Rxf4 65. h4 Kg4 66. Rxf4+
Kxf4 67. h5 Kxg5 68. hxg6 Kxg6 1/2-1/2

[Event "PRO League Group Stage"]
[Site "chess.com INT"]
[Date "2017.02.11"]
[Round "5"]
[White "Robson, Ray"]
[Black "Borisek, Jure"]
[Result "1/2-1/2"]
[WhiteTitle "GM"]
[BlackTitle "GM"]
[WhiteElo "2675"]
[BlackElo "2565"]
[WhiteTeam "Webster Windmills"]
[BlackTeam "Ljubljana Direwolves"]
[WhiteFideId "2023970"]
[BlackFideId "14603152"]
[EventDate "2017.01.11"]

1. e4 e5 2. Nf3 Nc6 3. Bb5 a6 4. Ba4 g6 5. c3 d6 6. d4 Bd7 7. O-O Bg7 8. h3 h6
9. Re1 b5 10. Bc2 Nf6 11. Nbd2 O-O 12. Nf1 Re8 13. Ng3 Rb8 14. a3 Na5 15. b3 c5
16. Be3 Qc7 17. d5 Kh7 18. Rf1 Ng8 19. Nh2 Re7 20. Qd2 Rf8 21. f4 exf4 22. Rxf4
Be5 23. Rf3 Kg7 24. Raf1 Nb7 25. Bf4 Nd8 26. Ne2 a5 27. Rg3 Nb7 28. Nf3 b4 29.
axb4 axb4 30. c4 Bc8 31. Nc1 Bc3 32. Qe3 Rfe8 33. Ne2 Bf6 34. Qd2 Qa5 35. Bd3
Qa3 36. e5 dxe5 37. Bxg6 fxg6 38. d6 exf4 39. Nxf4 Rf7 40. Nxg6 Bd4+ 41. Kh2 Kh7
42. Nxd4 Rxf1 43. Qd3 Bf5 44. Nxf5 Qa1 45. Nf8+ Kh8 46. Ng6+ Kh7 47. Nf8+ Kh8
48. Ng6+ Kh7 1/2-1/2

[Event "PRO League Group Stage"]
[Site "chess.com INT"]
[Date "2017.02.11"]
[Round "5"]
[White "Fontaine, Robert"]
[Black "Ruiz Castillo, Joshua Daniel"]
[Result "1/2-1/2"]
[WhiteTitle "GM"]
[BlackTitle "IM"]
[WhiteElo "2549"]
[BlackElo "2331"]
[WhiteTeam "Cannes Blockbusters"]
[BlackTeam "Rio Grande Ospreys"]
[WhiteFideId "605590"]
[BlackFideId "4400704"]
[EventDate "2017.01.11"]

1. d4 Nf6 2. Bf4 e6 3. e3 c5 4. c3 Qb6 5. Qb3 d5 6. Nd2 c4 7. Qc2 Nh5 8. Bxb8
Rxb8 9. Ngf3 Qc7 10. e4 dxe4 11. Nxe4 b5 12. a4 b4 13. g3 Bb7 14. Bg2 bxc3 15.
bxc3 Bxe4 16. Qxe4 Nf6 17. Qc2 Nd5 18. O-O Rb3 19. Ne5 Rxc3 20. Qe2 Be7 21. Rfc1
O-O 22. Rxc3 Nxc3 23. Qc2 Nd5 24. Qxc4 Qxc4 25. Nxc4 Rc8 26. Bxd5 exd5 27. Ne3
Bg5 28. Rb1 h6 29. Rb5 Rc1+ 30. Kg2 Ra1 31. Ra5 Bf6 32. Rxa7 Bxd4 33. Nc2 Rd1
34. Nxd4 Rxd4 35. a5 Ra4 36. a6 Ra3 37. h4 h5 38. Ra8+ Kh7 39. a7 d4 40. Kf1 d3
41. Kg2 d2 42. Rd8 Rxa7 43. Rxd2 g6 44. Rd3 Ra2 45. Rb3 Kg7 46. Kf3 Kf6 47. Rb6+
Kg7 48. Rb4 Ra3+ 49. Kf4 Ra1 50. Re4 Kf6 51. f3 Rf1 52. Rb4 Kg7 53. Rb7 Kf6 54.
Rb6+ Kg7 55. Ra6 Rf2 56. Ke3 Rh2 57. Kf4 Rf2 58. Ra3 Rf1 59. Ra2 Kf6 60. Ra6+
Kg7 61. Ra7 Kf6 62. Ke3 Rh1 63. Ra6+ Kg7 64. Kf4 Rf1 1/2-1/2

[Event "PRO League Group Stage"]
[Site "chess.com INT"]
[Date "2017.02.11"]
[Round "5"]
[White "Tristan, Leonardo"]
[Black "Thorfinnsson, Bragi"]
[Result "1/2-1/2"]
[WhiteTitle "IM"]
[BlackTitle "IM"]
[WhiteElo "2458"]
[BlackElo "2453"]
[WhiteTeam "Buenos Aires Krakens"]
[BlackTeam "Reykjavik Puffins"]
[WhiteFideId "113816"]
[BlackFideId "2300958"]
[EventDate "2017.01.11"]

1. d4 Nf6 2. Bf4 c5 3. e3 g6 4. c3 Bg7 5. Nf3 O-O 6. Be2 d6 7. O-O Nbd7 8. h3 b6
9. Nbd2 Bb7 10. a4 a6 11. Bh2 Ne4 12. Nxe4 Bxe4 13. Nd2 Bb7 14. Bf3 Qc7 15. Bxb7
Qxb7 16. Qf3 Qc7 17. Rfe1 Rab8 18. h4 e5 19. dxe5 Nxe5 20. Qe2 b5 21. axb5 axb5
22. Red1 c4 23. Ne4 Rfd8 24. Ra6 d5 25. Nf6+ Bxf6 26. Rxf6 Qe7 27. Bxe5 Qxe5 28.
Qf3 Rd7 29. Rd4 b4 30. g3 bxc3 31. bxc3 Rb3 32. Rdf4 Qe8 33. h5 Rxc3 34. hxg6
hxg6 35. Rh4 Rc1+ 36. Kh2 Qe5 37. Rc6 Kg7 38. Rc8 Qf5 39. Qxf5 gxf5 40. Rf4 Kg6
41. Rc6+ f6 42. g4 fxg4 43. Rcxf6+ Kg7 44. Rc6 Rf7 45. Rxg4+ Kf8 46. Kg2 Rc2 47.
Rc8+ Ke7 48. Rc7+ Ke6 49. Rg6+ Kf5 50. Rxf7+ Kxg6 51. Rd7 Rd2 52. Kf1 Kf5 53.
Ke1 Ra2 54. Rxd5+ Ke4 55. Rd4+ Kf3 56. Rf4+ Kg2 57. Rxc4 Ra1+ 58. Ke2 Ra2+ 59.
Kd3 Kxf2 60. Rf4+ Kg3 61. Rf8 Ra3+ 62. Kd4 Ra4+ 63. Ke5 Ra5+ 64. Ke4 Ra3 65.
Rg8+ Kf2 66. Kd4 Ra4+ 67. Kd3 Ra3+ 68. Kd4 Ra4+ 69. Kd3 Ra3+ 70. Kd4 Ra4+ 71.
Kd3 1/2-1/2

[Event "PRO League Group Stage"]
[Site "chess.com INT"]
[Date "2017.02.11"]
[Round "5"]
[White "Phillips, Ryan"]
[Black "Movsesian, Sergei"]
[Result "0-1"]
[BlackTitle "GM"]
[WhiteElo "1900"]
[BlackElo "2676"]
[WhiteTeam "Las Vegas Desert Rats"]
[BlackTeam "London Lions"]
[WhiteFideId "2082136"]
[BlackFideId "310204"]
[EventDate "2017.01.11"]

1. e4 c5 2. Nf3 e6 3. d4 cxd4 4. Nxd4 Nc6 5. Nc3 a6 6. Be2 Qc7 7. O-O Nf6 8. Be3
Be7 9. f4 d6 10. Qd2 O-O 11. Bf3 Bd7 12. a4 Na5 13. b3 Rac8 14. Nde2 Bc6 15.
Rad1 Rfd8 16. Bd4 Be8 17. Qe3 Nd7 18. e5 dxe5 19. fxe5 Nc6 20. Bxc6 bxc6 21. Ne4
c5 22. Bb2 Nxe5 23. Qg3 Ng6 24. Qc3 f6 25. Ng5 Qc6 26. Rde1 e5 27. Nf3 c4 28.
Ng3 cxb3 29. Qxc6 Rxc6 30. cxb3 Rb8 31. Nf5 Bc5+ 32. Kh1 Rxb3 33. Ba1 Bb4 34.
Rc1 Rxc1 35. Rxc1 Ba3 36. Re1 Bxa4 37. Nd2 Rd3 38. Ne4 Bc6 39. Nfg3 Nf4 40. Rb1
h5 41. h4 Kh7 42. Re1 Kg6 43. Kh2 a5 44. Nf2 Rd2 45. Rf1 Bxg2 0-1

[Event "PRO League Group Stage"]
[Site "chess.com INT"]
[Date "2017.02.11"]
[Round "5"]
[White "Banik, Siddharth G"]
[Black "Makoto, Rodwell"]
[Result "1/2-1/2"]
[BlackTitle "IM"]
[WhiteElo "2154"]
[BlackElo "2403"]
[WhiteTeam "San Francisco Mechanics"]
[BlackTeam "Johannesburg Koeksisters"]
[WhiteFideId "2065843"]
[BlackFideId "11000120"]
[EventDate "2017.01.11"]

1. e4 e5 2. Nf3 Nc6 3. Bb5 Nf6 4. O-O Nxe4 5. d4 Nd6 6. dxe5 Nxb5 7. a4 Nbd4 8.
Nxd4 Nxd4 9. Qxd4 Be7 10. Nc3 O-O 11. Nd5 b6 12. b3 Bc5 13. Qe4 c6 14. Ne3 d5
15. exd6 Qxd6 16. Bb2 Qg6 17. Qxg6 hxg6 18. Rad1 Be6 19. Bd4 Bxd4 20. Rxd4 c5
21. Rd6 Rfd8 22. Rfd1 Rxd6 23. Rxd6 Kf8 24. f4 Ke7 25. Rd2 a6 26. Kf2 b5 27. a5
Rb8 28. g4 Rd8 29. Rxd8 Kxd8 30. Kf3 Kc7 31. f5 gxf5 32. gxf5 Bc8 33. Kf4 Kd6
34. h4 f6 35. h5 Bd7 36. Ng4 Be8 37. h6 gxh6 38. Nxf6 Bf7 39. Ne4+ Kd5 40. c4+
bxc4 41. bxc4+ Kd4 42. Nd6 Bg8 43. f6 Be6 44. f7 Bxf7 45. Nxf7 Kxc4 46. Nxh6 Kd3
47. Ng4 c4 48. Ne5+ Kd4 49. Nc6+ Kc5 50. Nb8 Kb5 51. Ke4 Kxa5 52. Kd4 Kb5 53.
Nxa6 Kxa6 54. Kxc4 1/2-1/2

[Event "PRO League Group Stage"]
[Site "chess.com INT"]
[Date "2017.02.11"]
[Round "5"]
[White "De Vreesse Pieters, Seppe"]
[Black "Lenic, Luka"]
[Result "1/2-1/2"]
[BlackTitle "GM"]
[WhiteElo "2229"]
[BlackElo "2641"]
[WhiteTeam "Webster Windmills"]
[BlackTeam "Ljubljana Direwolves"]
[WhiteFideId "254169"]
[BlackFideId "14603853"]
[EventDate "2017.01.11"]

1. d4 Nf6 2. Bg5 d5 3. Bxf6 gxf6 4. c4 dxc4 5. e3 c5 6. Bxc4 cxd4 7. Nc3 Bg7 8.
Qh5 O-O 9. O-O-O Nc6 10. exd4 Qa5 11. Qxa5 Nxa5 12. Bd3 Rd8 13. Nge2 a6 14. Rhe1
b5 15. Kb1 Bb7 16. a3 Rac8 17. Nf4 Rc7 18. Re3 Kh8 19. Rh3 h6 20. Nce2 e5 21.
Nh5 e4 22. Bc2 Rdc8 23. Nc3 f5 24. f3 exf3 25. gxf3 Nc4 26. Bxf5 Rd8 27. Nxg7
Kxg7 28. Be4 Rd6 29. Rg3+ Kf8 30. Bxb7 Rxb7 31. Ne4 Rg6 32. Nc5 Re7 33. Rxg6
fxg6 34. d5 Re2 35. d6 Rxb2+ 36. Kc1 Ra2 37. Rd3 Ra1+ 38. Kc2 Ra2+ 39. Kc1 Ra1+
40. Kc2 Rxa3 41. Rxa3 Nxa3+ 42. Kc3 Nc4 43. Nxa6 Nxd6 44. Kd4 Ke7 45. Nc7 Kd7
46. Nd5 Ke6 47. Nc7+ Kf5 48. Kd5 b4 49. Kxd6 b3 50. Nd5 b2 51. Nc3 Kf4 52. Ke6
Kxf3 53. Kf6 g5 54. Kg6 Kg2 55. Kxh6 g4 56. Kg5 Kh3 57. Kf4 Kxh2 58. Kxg4 Kg2
59. Kf4 Kf2 60. Ke4 Ke1 61. Kd4 Kd2 62. Kc4 Kc2 63. Kd4 b1=B 64. Nxb1 1/2-1/2

[Event "PRO League Group Stage"]
[Site "chess.com INT"]
[Date "2017.02.11"]
[Round "5"]
[White "Macagno, Sergio"]
[Black "Abdilkhair, Abilmansur"]
[Result "0-1"]
[WhiteTitle "FM"]
[WhiteElo "2320"]
[BlackElo "1990"]
[WhiteTeam "Patagonia Penguins"]
[BlackTeam "Shymkent Nomads"]
[WhiteFideId "100773"]
[BlackFideId "13716417"]
[EventDate "2017.01.11"]

1. d4 Nf6 2. Nf3 b6 3. Bf4 Bb7 4. e3 g6 5. Be2 Bg7 6. O-O O-O 7. h3 d6 8. a4 a5
9. c3 Nbd7 10. Nbd2 Nd5 11. Bh2 e5 12. Qb3 N5f6 13. Rfd1 e4 14. Ne1 Nd5 15. Nc2
Ne7 16. c4 Kh8 17. Qa3 f5 18. b4 axb4 19. Nxb4 c5 20. Nc2 cxd4 21. Nxd4 Nc5 22.
Qb4 Nc6 23. Nxc6 Bxc6 24. Rab1 Nxa4 25. Bxd6 Rf7 26. Rb3 Rd7 27. Bf4 Nc5 28.
Rbb1 Ba4 29. Nb3 Bxb3 30. Rxd7 Qxd7 31. Rxb3 Nxb3 32. Qxb3 Qd2 33. Bf1 Ra1 34.
c5 Qd3 35. Qf7 Rxf1+ 36. Kh2 Qd8 37. cxb6 Rb1 38. b7 Rb5 39. Bc7 Be5+ 40. Bxe5+
Rxe5 41. Qf6+ Qxf6 42. b8=R+ Kg7 0-1

[Event "PRO League Group Stage"]
[Site "chess.com INT"]
[Date "2017.02.11"]
[Round "5"]
[White "Shimanov, Aleksandr"]
[Black "Lenic, Luka"]
[Result "1/2-1/2"]
[WhiteTitle "GM"]
[BlackTitle "GM"]
[WhiteElo "2642"]
[BlackElo "2641"]
[WhiteTeam "Webster Windmills"]
[BlackTeam "Ljubljana Direwolves"]
[WhiteFideId "4198603"]
[BlackFideId "14603853"]
[EventDate "2017.01.11"]

1. d4 Nf6 2. Bf4 d5 3. e3 c5 4. Nf3 e6 5. Nbd2 Nc6 6. c3 Bd6 7. Bg3 O-O 8. Bd3
b6 9. Qe2 Bb7 10. Rd1 Ne7 11. Bxd6 Qxd6 12. Ne5 Qc7 13. O-O Rad8 14. a3 c4 15.
Bc2 b5 16. Qf3 Nc6 17. Qg3 a5 18. f4 Ne7 19. Qh3 Ne4 20. a4 bxa4 21. Bxa4 Nf5
22. Nxe4 dxe4 23. g4 Ne7 24. g5 Bd5 25. Rd2 Nf5 26. Rg2 Rd6 27. Bd1 Rb6 28. Bg4
Rfb8 29. Rff2 Qc8 30. Bh5 R8b7 31. Bxf7+ Rxf7 32. g6 hxg6 33. Nxg6 Rc7 34. Rg5
Kf7 35. Rfg2 Ke8 36. Ne5 Ke7 37. Rxf5 exf5 38. Rxg7+ Kd6 39. Rg6+ Be6 40. Qxf5
Rxb2 41. Nf7+ Rxf7 42. Qxf7 Rb1+ 43. Kf2 Rb2+ 44. Kg3 Rb1 45. Kf2 Rb2+ 46. Kg3
Rb1 47. Kf2 Rb2+ 48. Kg3 1/2-1/2

[Event "PRO League Group Stage"]
[Site "chess.com INT"]
[Date "2017.02.11"]
[Round "5"]
[White "Bommini, Mounika Akshaya"]
[Black "Cremisi, Daniel Josef"]
[Result "0-1"]
[WhiteTitle "WFM"]
[WhiteElo "1700"]
[BlackElo "2148"]
[WhiteTeam "Amaravati Yodhas"]
[BlackTeam "Carolina Cobras"]
[WhiteFideId "25019872"]
[BlackFideId "2089882"]
[EventDate "2017.01.11"]

1. d4 d5 2. Bf4 Nf6 3. e3 e6 4. Nd2 c6 5. c4 Be7 6. Ngf3 O-O 7. Bd3 b6 8. h3 Bb7
9. O-O Nbd7 10. Ne5 Nxe5 11. Bxe5 dxc4 12. Bxc4 c5 13. dxc5 Bxc5 14. Nb3 Be7 15.
Qe2 Qd7 16. Nd4 Rfc8 17. Rfd1 Qe8 18. Nb5 Qc6 19. Qf1 Qxc4 20. Nc7 Rxc7 21. Bxc7
Qxc7 22. Rac1 Qe5 23. b3 Bd6 24. g3 Qe4 25. Kh2 Nd5 26. Rd4 Qe5 0-1

[Event "PRO League Group Stage"]
[Site "chess.com INT"]
[Date "2017.02.11"]
[Round "5"]
[White "Sorungbe, Ademola"]
[Black "Feng, Maggie"]
[Result "1/2-1/2"]
[WhiteTitle "CM"]
[BlackTitle "WCM"]
[WhiteElo "2234"]
[BlackElo "2164"]
[WhiteTeam "Abuja Rockstars"]
[BlackTeam "Columbus Cardinals"]
[WhiteFideId "8500223"]
[BlackFideId "2078090"]
[EventDate "2017.01.11"]

1. d4 d5 2. Nf3 c5 3. c4 dxc4 4. e3 cxd4 5. exd4 Be6 6. Nc3 Nf6 7. Ne5 Nc6 8.
Nxc6 bxc6 9. Qa4 Qd7 10. Bxc4 Bxc4 11. Qxc4 e6 12. O-O Bd6 13. Bg5 O-O 14. Bxf6
gxf6 15. Rac1 Be7 16. Ne2 Rac8 17. Rfd1 Qd5 18. Qa4 Kh8 19. Rc3 Rg8 20. Rg3 Bd6
21. Nc3 Qh5 22. Rxg8+ Rxg8 23. g3 f5 24. Qxc6 Bb8 25. Rd3 f4 26. Qf3 Qg6 27. Kf1
fxg3 28. hxg3 Rd8 29. Kg2 f5 30. Kf1 f4 31. Qe4 Qxe4 32. Nxe4 fxg3 33. fxg3 Be5
34. Nc5 Rxd4 35. Rxd4 Bxd4 36. Nxe6 Bxb2 37. Ke2 Kg8 38. Kd3 Kf7 39. Nd8+ Ke8
40. Nc6 a6 41. a4 Kd7 42. Nb8+ Ke6 43. Nxa6 Be5 44. g4 Bd6 45. Kc4 Ke5 46. Nc5
Kf4 47. g5 Bb8 48. a5 Kxg5 49. a6 h5 50. Kd3 h4 51. Ke2 Kg4 52. Kf1 Kg3 53. Ne4+
Kf3 54. Ng5+ Kg4 55. Ne4 Kf3 56. Nd2+ Ke3 57. Nc4+ Kd4 58. Nd2 Kc5 59. Kg2 Kb6
60. Kh3 Kxa6 61. Nf1 Kb6 62. Ne3 Kc6 63. Nd5 Kxd5 64. Kxh4 1/2-1/2

[Event "PRO League Group Stage"]
[Site "chess.com INT"]
[Date "2017.02.11"]
[Round "5"]
[White "Sorungbe, Ademola"]
[Black "Liu, Aristo S"]
[Result "1-0"]
[WhiteTitle "CM"]
[WhiteElo "2234"]
[BlackElo "1969"]
[WhiteTeam "Abuja Rockstars"]
[BlackTeam "Columbus Cardinals"]
[WhiteFideId "8500223"]
[BlackFideId "30903483"]
[EventDate "2017.01.11"]

1. d4 Nf6 2. Nf3 g6 3. Nbd2 d5 4. c4 Bg7 5. cxd5 Qxd5 6. e3 O-O 7. Bc4 Qd8 8.
O-O Nbd7 9. a3 c5 10. Qc2 b6 11. b4 cxd4 12. exd4 Bb7 13. Bb2 Rc8 14. Qd3 Nd5
15. Rfe1 N7f6 16. Rac1 Qd6 17. Qb3 e6 18. Ne5 Rfd8 19. b5 Bh6 20. Rc2 Nf4 21. f3
N4d5 22. Ne4 Nxe4 23. fxe4 Nf6 24. Qf3 Bg7 25. Ree2 Rc7 26. Bd3 Rdc8 27. h3 Ne8
28. Rxc7 Rxc7 29. Rc2 Rxc2 30. Qxf7+ Kh8 31. Qxe8+ 1-0

[Event "PRO League Group Stage"]
[Site "chess.com INT"]
[Date "2017.02.11"]
[Round "5"]
[White "Balogun, Oluwafemi"]
[Black "Li, Beilin"]
[Result "1-0"]
[WhiteTitle "FM"]
[WhiteElo "2222"]
[BlackElo "1780"]
[WhiteTeam "Lagos Leatherbacks"]
[BlackTeam "Pittsburgh Pawngrabbers"]
[WhiteFideId "8501246"]
[BlackFideId "30930952"]
[EventDate "2017.01.11"]

1. e4 c6 2. d3 d5 3. Nd2 e5 4. Ngf3 Bd6 5. g3 Nf6 6. Bg2 O-O 7. O-O Qc7 8. b3 a5
9. a3 Nbd7 10. Bb2 Re8 11. Re1 dxe4 12. Nxe4 Nxe4 13. Rxe4 Nf6 14. Re1 Bf5 15.
Nh4 Be6 16. f4 Bg4 17. Bf3 Bxf3 18. Qxf3 Nd7 19. Nf5 Bf8 20. Kg2 exf4 21. Bxg7
Ne5 22. Bxe5 Rxe5 23. Qxf4 Rae8 24. Rxe5 Qxe5 25. Qg5+ Kh8 26. Rf1 f6 27. Qh4
Bxa3 28. Rf3 Bc1 29. Qg4 Rg8 30. Qc4 Rf8 31. h4 h5 32. Qa4 Bd2 33. Qa3 Bb4 34.
Qc1 Qc7 35. c3 Bc5 36. d4 Bd6 37. Qh6+ Kg8 38. Qg6+ Kh8 39. Qxh5+ Kg8 40. Qg6+
Kh8 41. Nxd6 Qxd6 42. Rf5 1-0

[Event "PRO League Group Stage"]
[Site "chess.com INT"]
[Date "2017.02.11"]
[Round "5"]
[White "Balogun, Oluwafemi"]
[Black "Hua, David A"]
[Result "1/2-1/2"]
[WhiteTitle "FM"]
[WhiteElo "2222"]
[BlackElo "2285"]
[WhiteTeam "Lagos Leatherbacks"]
[BlackTeam "Pittsburgh Pawngrabbers"]
[WhiteFideId "8501246"]
[BlackFideId "2030047"]
[EventDate "2017.01.11"]

1. e4 c5 2. Nf3 e6 3. d3 Nc6 4. g3 g6 5. Bg2 Bg7 6. O-O Nge7 7. c3 d5 8. Qe2 b6
9. Re1 h6 10. h4 a5 11. e5 Ba6 12. Bf4 Nf5 13. Nbd2 b5 14. a4 bxa4 15. Rxa4 Rb8
16. Nf1 Qb6 17. Ra2 Qb3 18. Rea1 Qb5 19. g4 Nxh4 20. Nxh4 g5 21. c4 Nd4 22. Qd1
Qd7 23. Rxa5 Bb7 24. Be3 gxh4 25. Bxd4 cxd4 26. cxd5 exd5 27. f4 O-O 28. Nd2 Bc8
29. Rxd5 Qxg4 30. Qxg4 Bxg4 31. b3 Rb4 32. Be4 Be6 33. Rd6 Rc8 34. Ra2 Bf8 35.
Rc6 Rxc6 36. Bxc6 Bxb3 37. Nxb3 Rxb3 38. Be4 Bc5 39. Kg2 Rb1 40. Kh3 Rf1 41. Kg4
h5+ 42. Kf5 h3 43. Rh2 Bf8 44. Rxh3 Bh6 45. Bf3 Kg7 46. Ke4 Re1+ 47. Kf5 Rf1 48.
Rg3+ Kf8 49. Ke4 Re1+ 50. Kf5 Rf1 51. Rh3 Kg7 52. Ke4 Re1+ 53. Kxd4 Bxf4 54. Be4
Rg1 55. Rxh5 Rg5 56. Rxg5+ Bxg5 57. Kd5 Kf8 58. Kd6 Be3 59. Bc6 Bf2 60. Bd7 Bg1
61. Bf5 Bf2 62. Kd5 Ke7 63. d4 f6 64. e6 Bg3 65. Bg6 Bd6 66. Bf7 Bg3 67. Kc6 Bh2
68. d5 Bg3 69. Bg6 Bh2 70. Be4 Bg3 71. Kc5 Bh2 72. Bg2 Bg3 73. Kd4 Bh2 74. Ke4
Bd6 75. Kf5 Be5 76. Kg6 Bd6 77. Kh7 Be5 78. Kg8 Bd6 79. Be4 Be5 80. Bf5 Bd6 81.
Kg7 Be5 82. Kg6 Bd6 83. Kg7 Be5 1/2-1/2

[Event "PRO League Group Stage"]
[Site "chess.com INT"]
[Date "2017.02.11"]
[Round "5"]
[White "Swapnil, S. Dhopade"]
[Black "Lenderman, Aleksandr"]
[Result "1/2-1/2"]
[WhiteTitle "GM"]
[BlackTitle "GM"]
[WhiteElo "2527"]
[BlackElo "2573"]
[WhiteTeam "Mumbai Movers"]
[BlackTeam "Montclair Sopranos"]
[WhiteFideId "5019184"]
[BlackFideId "2021285"]
[EventDate "2017.01.11"]

1. d4 e6 2. c4 Nf6 3. Nf3 d5 4. Nc3 c6 5. e3 Nbd7 6. Qc2 Bd6 7. Bd3 dxc4 8. Bxc4
O-O 9. O-O Qe7 10. Bb3 e5 11. h3 Bc7 12. Bd2 a5 13. a3 h6 14. Nh4 Rd8 15. Nf5
Qf8 16. Rad1 exd4 17. exd4 Nb6 18. Rfe1 Bxf5 19. Qxf5 Qd6 20. g3 Qd7 21. Qf3 a4
22. Ba2 Nbd5 23. Kg2 Bb6 24. Nxd5 Nxd5 25. Bc1 Re8 26. Re5 Rxe5 27. dxe5 Rd8 28.
Re1 Nc7 29. Qe4 Bd4 30. Bxh6 gxh6 31. Qg6+ Kf8 32. Qxh6+ Ke8 33. Qh8+ Ke7 34.
Qf6+ Ke8 35. Qh8+ Ke7 36. Qh4+ Ke8 37. Qh8+ 1/2-1/2

[Event "PRO League Group Stage"]
[Site "chess.com INT"]
[Date "2017.02.11"]
[Round "5"]
[White "Swapnil, S. Dhopade"]
[Black "Yeager, Daniel A"]
[Result "1/2-1/2"]
[WhiteTitle "GM"]
[BlackTitle "FM"]
[WhiteElo "2527"]
[BlackElo "2280"]
[WhiteTeam "Mumbai Movers"]
[BlackTeam "Montclair Sopranos"]
[WhiteFideId "5019184"]
[BlackFideId "2029049"]
[EventDate "2017.01.11"]

1. d4 Nf6 2. Bg5 d5 3. Bxf6 exf6 4. e3 Be6 5. g3 Nd7 6. Bg2 c6 7. Ne2 Bd6 8. Nd2
f5 9. b3 h5 10. h4 Nf6 11. c4 Qa5 12. c5 Be7 13. O-O Ne4 14. Nxe4 fxe4 15. Nf4
g5 16. Nxe6 fxe6 17. hxg5 Bxg5 18. Bh3 Ke7 19. f4 exf3 20. Rxf3 Raf8 21. Rxf8
Rxf8 22. Qxh5 Bxe3+ 23. Kh1 Bxd4 24. Qh4+ Bf6 25. Qg4 Rf7 26. Qxe6+ Kf8 27. Rf1
Qc3 28. Qc8+ Kg7 29. Be6 Qd3 30. Kg2 Qe4+ 31. Rf3 Qc2+ 32. Rf2 Qe4+ 33. Kh2 Qh7+
34. Bh3 Qe4 35. Rf4 Qe2+ 36. Bg2 Qh5+ 37. Bh3 Qe2+ 38. Kh1 Qe1+ 39. Kg2 Qe2+ 40.
Rf2 Qe4+ 41. Kh2 Qd4 42. Rf4 Qd2+ 43. Bg2 Be5 44. Rg4+ Kf6 45. Qd8+ Ke6 46. Qe8+
Kf6 47. Qh8+ Ke6 48. Rg6+ Bf6 49. Qe8+ Re7 50. Qc8+ Ke5 51. Qb8+ Kf5 52. Qg8 Re2
53. Rxf6+ Kxf6 54. Qf8+ Kg6 55. Qg8+ Kf5 56. Qf7+ Ke5 57. Qg7+ Ke6 58. Qg6+ Kd7
59. Qf5+ Ke7 60. Qh7+ Ke6 61. Qg6+ Ke5 62. Qg7+ Ke6 63. Qg6+ Ke5 64. Qg7+ Kf5
65. Qf7+ Ke5 66. Qg7+ Ke6 1/2-1/2

[Event "PRO League Group Stage"]
[Site "chess.com INT"]
[Date "2017.02.11"]
[Round "5"]
[White "Dhulipalla, Bala Chandra Prasad"]
[Black "Cremisi, Daniel Josef"]
[Result "1/2-1/2"]
[WhiteElo "2353"]
[BlackElo "2148"]
[WhiteTeam "Amaravati Yodhas"]
[BlackTeam "Carolina Cobras"]
[WhiteFideId "25005812"]
[BlackFideId "2089882"]
[EventDate "2017.01.11"]

1. d4 e6 2. Bf4 Nf6 3. e3 d6 4. Nf3 Be7 5. h3 O-O 6. Bd3 Nbd7 7. O-O b6 8. a4 a5
9. Qe2 Bb7 10. e4 Re8 11. Nbd2 Bf8 12. Bh2 e5 13. dxe5 Nxe5 14. Nxe5 dxe5 15.
Rfd1 Nd7 16. Nf3 Bd6 17. Bc4 Qe7 18. Bg3 Kh8 19. Bb5 f6 20. Nh4 g6 21. Qg4 Red8
22. Qxg6 hxg6 23. Nxg6+ Kg7 24. Nxe7 Bxe4 25. Bc6 Bxc6 26. Nxc6 Re8 27. Bh4 Nc5
28. b3 Kf7 29. Rd5 Rh8 30. Bg3 Ke6 31. Rad1 Kd7 32. Nxa5 Rxa5 33. b4 Rxa4 34.
bxc5 bxc5 35. Rxc5 Ke6 36. Rc6 Rb8 37. h4 f5 38. f3 f4 39. Bf2 Rb2 40. Kf1 Raa2
41. Rd2 Kf5 42. Ke2 Bb4 43. Rxc7 Bxd2 44. Kxd2 Rb8 45. Rc5 Rg8 46. Bd4 Rxg2+ 47.
Kd3 Kg6 48. Rxe5 Rg3 49. Ke4 Rxc2 50. Kxf4 Rgg2 51. h5+ Kh6 52. Ke4 Rge2+ 53.
Be3+ Kh7 54. Re7+ Kg8 55. h6 Rh2 56. Kf5 Rce2 57. Rg7+ Kh8 58. Bd4 Rd2 59. Be5
Rh5+ 60. Kf4 Rxe5 61. Kxe5 Rd5+ 62. Kf6 Rf5+ 63. Kg6 Rxf3 64. Rh7+ Kg8 65. Rg7+
Kh8 66. Ra7 Rg3+ 67. Kh5 Rh3+ 68. Kg5 Rg3+ 69. Kh5 Rh3+ 1/2-1/2